| 000 | 01415cab a2200229 4500 | ||
|---|---|---|---|
| 001 | ABS54373 | ||
| 008 | 090401t1996 xxu||||| |||| 00| 0 eng d | ||
| 035 | _a(Sirsi) u10018 | ||
| 041 | _aeng | ||
| 245 | _aBelvedere Court Management Ltd v Frogmore Developments Ltd | ||
| 260 | _c1996 | ||
| 350 | _a0 | ||
| 490 |
_aEstates Gazette _v1996 05 EG 131-140(10) |
||
| 520 | _aCA 24 October 1995. Frogmore (F) contracted to purchase the leasehold interests of L in a block of flats, sublet to tenants. L did not serve notice on the tenants prior to contract. F served notice on the tenants and some tenants served counternotices. The majority of qualifying tenants wished to exercise their right of first refusal. They served a purchase notice on F nominating B as nominee purchaser. F denied the validity of the notice. CA considered an appeal by F as to whether B was entitled to acquire the interest acquired by F from L unincumbered by the leases subsequently granted to A Ltd. Appeal allowed to limited extent of varying the declaration so that B was entitled to acquire the 99-year lease acquired by F from L subject to the leases granted to A Ltd. | ||
| 650 | _aLANDLORD AND TENANT ACT 1987 PART I | ||
| 650 | _aREVERSIONARY LEASES | ||
| 650 | _aRIGHT OF FIRST REFUSAL | ||
| 650 | _aTRANSFER OF LEASE | ||
| 690 | _aLANDLORD AND TENANT-CASE LAW-RESIDENTIAL TENANCIES | ||
| 942 | _n0 | ||
| 948 | _c04/03/1997 | ||
| 999 |
_c6297 _d6297 |
||